| 000 | 01501cam a2200433 a 4500 | ||
|---|---|---|---|
| 001 | 7186 | ||
| 003 | FISKH | ||
| 005 | 20250702082612.0 | ||
| 008 | 990527s2000 nyua b 000 1 eng | ||
| 010 | _a 99034341 | ||
| 020 |
_a0688170277 _qtrade : alk. paper |
||
| 020 |
_a0688170285 _qlib. bdg. : alk. paper |
||
| 020 |
_a9780688170271 _q(trade : alk. paper) |
||
| 020 |
_a9780688170288 _q(lib. bdg. : alk. paper) |
||
| 040 |
_aDLC _cDLC _dDLC _beng |
||
| 050 | _aPZ7.H389 W | ||
| 082 | _a 813.54 | ||
| 100 | 1 | _aHenkes, Kevin. | |
| 245 | 1 | 0 |
_aWemberly worried / _cKevin Henkes. |
| 250 | _aFirst Scholastic printing, September 2001 | ||
| 260 |
_aNew York : _bScholastic, _c2000. |
||
| 300 |
_a32 unnumbered pages : _bcolor illustrations ; _c26 cm |
||
| 336 |
_atext _btxt _2rdacontent |
||
| 337 |
_aunmediated _bn _2rdamedia |
||
| 338 |
_avolume _bnc _2rdacarrier |
||
| 505 | _aJ | ||
| 520 | _aA mouse named Wemberly who worries about everything finds that she has a whole list of things to be anxious about when she faces the first day of nursery school. | ||
| 521 | 8 |
_a480
_bLexile AD |
|
| 521 | 8 |
_aJ
_bRaz-Plus |
|
| 650 | 1 |
_aWorry _vFiction. |
|
| 650 | 1 |
_aFirst day of school _vFiction. |
|
| 650 | 1 |
_aPreschools _vFiction. |
|
| 650 | 1 |
_aSchools _vFiction. |
|
| 650 | 1 |
_aMice _vFiction. |
|
| 655 | 7 |
_aFiction. _2lcgft _0https://id.loc.gov/authorities/genreForms/gf2014026339 |
|
| 906 |
_a7 _bcbc _corignew _d1 _eocip _f19 _gy-gencatlg |
||
| 942 |
_2ddc _cBK _n0 |
||
| 999 |
_c7186 _d7186 |
||